000 01280cad a22002415a 4500
001 L156930
008 120731s2012 xxkad f s 000 0 eng d
035 _a(Sirsi) u156930
041 0 _aeng
110 2 _aRoyal Institution of Chartered Surveyors
_bEconomics
_95033
245 0 0 _aRICS global commercial property survey
_bQ1 2012
_h[electronic resource]
260 _aLondon
_bRICS
_c2012
490 0 _aRICS Global Commercial Property Survey United Kingdom
_vQ1 2012
520 _aEasing in global strains visible in real estate sector. Generally mixed results but Brazil, Russia and Canada see sentiment pick up alongside brighter macro news flow. struggling European economies continue to post negative results across the board.
520 _aGlobal survey and also a suite of regional commercial property surveys for the Americas; Asia; Europe; India; Oceania; and UAE.
590 _aKA
650 2 4 _aRICS GLOBAL COMMERCIAL PROPERTY SURVEY
651 4 _aInternational
690 _aCommercial property
_96227
856 4 0 _uhttps://www.rics.org/site/download_feed.aspx?fileID=11883&fileExtension=PDF
_zView the survey at www.rics.org
856 4 0 _uhttps://www.rics.org/site/scripts/downloads.aspx?categoryID=710
_zView the regional surveys at www.rics.org
942 _n0
999 _c114497
_d114497